000 00485nam a2200169Ia 4500
999 _c12455
_d12455
003 OSt
005 20201014161618.0
008 190216s9999||||xx |||||||||||||| ||und||
040 _coclc
082 _a812.52
_bMIL/C
100 _aMiller, Arthur
_94844
245 4 _aThe Crucible /
_cArthur Miller
260 _bHeinemann Educational Books Ltd,
_c1969.
_aLondon:
300 _a116p
650 _aEnglish Drama
942 _cBK
_2ddc
_h812.52
_iMIL/C
_k812.52
_mMIL/C